000 01026cam a22002652 4500
001 0000025085
005 20151217154514.0
008 141127s xx 000 0 eng d
020 _a9966444721 :
040 _aKABU
_cKABU
245 1 0 _aSecondary mathematics :
_bstudents' book 1-4.
250 _a3rd ed.
260 _aNairobi :
_bKenya Literature Bureau,
_c2003-5.
300 _aVols (various pagings).
650 0 _aMathematics
_xproblems, exercises, etc.
_@0000185411
710 2 _aKenya.
_bMinistry of Education.
_@0000170496
852 1 _9p580 KES
852 1 _9p603 KES
852 1 _9p580 KES
852 1 _9p580 KES
852 1 _9p580 KES
852 1 _9p603 KES
908 _a141127
950 _@1
999 _c11611
_d11611